Marco Polo du ký

Spremljeno u:
Bibliografski detalji
Glavni autor: Polo, Marco
Format: Knjiga
Jezik:Undetermined
Izdano: Hà Nội Văn hóa Thông tin 2008
Teme:
Oznake: Dodaj oznaku
Bez oznaka, Budi prvi tko označuje ovaj zapis!
Thư viện lưu trữ: Trung tâm Học liệu Trường Đại học Cần Thơ
LEADER 00627nam a2200205Ia 4500
001 CTU_135454
008 210402s9999 xx 000 0 und d
020 |c 49000 
082 |a 910.92 
082 |b P778 
100 |a Polo, Marco 
245 0 |a Marco Polo du ký 
245 0 |c Marco Polo ; Albert T'Serstevens ; Nguyễn Thành Thống dịch 
260 |a Hà Nội 
260 |b Văn hóa Thông tin 
260 |c 2008 
650 |a Trung tâm Học liệu ĐHCT,Voyages and travels,Asia 
650 |x Description and travel 
904 |i Giang 
980 |a Trung tâm Học liệu Trường Đại học Cần Thơ